[Event "CRO-ch U15 Girls"]
[Site "Trogir"]
[Date "2020.08.29"]
[Round "9"]
[White "Kovac, Petra"]
[Black "Kolovrat, Monika"]
[Result "1-0"]
[WhiteElo "1391"]
[BlackElo "1189"]
[PlyCount "35"]
[EventDate "2020.08.24"]
[EventType "swiss"]
[EventRounds "9"]
[EventCountry "CRO"]
[SourceTitle "CBM 198 Extra"]
[Source "ChessBase"]
[SourceDate "2020.11.30"]
[SourceVersion "1"]
[SourceVersionDate "2020.11.30"]
[SourceQuality "1"]

1. e4 e5 2. Nf3 Nc6 3. d4 exd4 4. Bc4 d6 5. Nxd4 Ne5 6. Bb3 Nf6 7. Nc3 Bg4 8. f3 Bh5 9. Bg5 Be7 10. Qd2 Nfd7 11. Bxe7 Qxe7 12. Nf5 Qf8 13. Nd5 0-0-0 14. Qa5 Kb8 15. Qxc7+ Ka8 16. Nxd6 Rb8 17. Qxd7 Nxd7 18. Nc7# 1-0

[Event "CRO-ch U13 Girls"]
[Site "Trogir"]
[Date "2019.06.21"]
[Round "7"]
[White "Kolovrat, Monika"]
[Black "Botica, Lucija"]
[Result "1-0"]
[WhiteElo "1748"]
[BlackElo "1605"]
[PlyCount "59"]
[EventDate "2019.06.17"]
[EventType "swiss"]
[EventRounds "9"]
[EventCountry "CRO"]
[SourceTitle "EXT 2020"]
[Source "ChessBase"]
[SourceDate "2019.10.17"]
[SourceVersion "1"]
[SourceVersionDate "2019.10.17"]
[SourceQuality "1"]

1. e4 e5 2. Nf3 Nc6 3. Bc4 Bc5 4. c3 Nf6 5. d3 d6 6. Bb3 Be6 7. Bc2 d5 8. exd5 Qxd5 9. 0-0 0-0 10. Nbd2 b5 11. Ne4 Nxe4 12. dxe4 Qd8 13. b4 Bb6 14. Qe2 Bc4 15. Qe1 Bxf1 16. Kxf1 a5 17. Bb3 axb4 18. cxb4 Nd4 19. Bd5 Nxf3 20. gxf3 Ra7 21. Bb2 Bd4 22. Qd2 Bxb2 23. Qxb2 Qd6 24. Rd1 Qf6 25. Qc3 Rc8 26. Qc5 Qb6 27. Qe7 Rf8 28. Bxf7+ Rxf7 29. Rd8+ Rf8 30. Rxf8# 1-0

[Event "CRO-ch U13 Girls"]
[Site "Trogir"]
[Date "2019.06.19"]
[Round "4"]
[White "Kolovrat, Monika"]
[Black "Dzoic, Nikolina"]
[Result "1/2-1/2"]
[WhiteElo "1748"]
[BlackElo "1221"]
[PlyCount "64"]
[EventDate "2019.06.17"]
[EventType "swiss"]
[EventRounds "9"]
[EventCountry "CRO"]
[SourceTitle "EXT 2020"]
[Source "ChessBase"]
[SourceDate "2019.10.17"]
[SourceVersion "1"]
[SourceVersionDate "2019.10.17"]
[SourceQuality "1"]

1. e4 e5 2. Nf3 Nc6 3. Bc4 Bc5 4. c3 Nf6 5. d3 d6 6. Bb3 Bg4 7. Nbd2 0-0 8. 0-0 h6 9. Re1 a6 10. Nf1 d5 11. exd5 Nxd5 12. h3 Bxf3 13. Qxf3 Nb6 14. Ng3 Be7 15. Bc2 Bg5 16. Qe4 Bxc1 17. Raxc1 g6 18. f4 exf4 19. Qxf4 Qd6 20. Qxd6 cxd6 21. Re3 Rae8 22. Rce1 Rxe3 23. Rxe3 d5 24. Ne2 Rd8 25. Bb3 Kf8 26. Rf3 Re8 27. Nf4 Ne7 28. Ne6+ Kg8 29. Nc5 Rb8 30. a4 a5 31. d4 Nf5 32. Bc2 Nd6 1/2-1/2